[Event "Czechia district-ch"]
[Site "Czech Republic"]
[Date "2003.??.??"]
[Round "12"]
[White "Velecky, Viktor"]
[Black "Soukal, Jiri"]
[Result "1-0"]
[WhiteElo "2085"]
[BlackElo "1620"]
[PlyCount "87"]
[EventDate "2003.??.??"]
[EventType "tourn"]
[EventRounds "13"]
[EventCountry "CZE"]
[SourceTitle "EXT 2007"]
[Source "ChessBase"]
[SourceDate "2006.11.23"]
[SourceVersion "1"]
[SourceVersionDate "2006.11.23"]
[SourceQuality "1"]

1. d4 d5 2. c4 Nf6 3. Nc3 e6 4. Bg5 Be7 5. e3 c6 6. Nf3 0-0 7. Bd3 Nbd7 8. 0-0 a6 9. Rc1 Nb6 10. c5 Nbd7 11. b4 b5 12. Bc2 Re8 13. Qd3 g6 14. h4 Kg7 15. e4 dxe4 16. Nxe4 Nd5 17. Nd6 Rf8 18. Qd2 Bxg5 19. Nxg5 N7f6 20. a4 Bd7 21. a5 Nh5 22. f4 f5 23. Rce1 Rf6 24. Bb3 h6 25. Bxd5 cxd5 26. Nf3 Ng3 27. Rf2 Ne4 28. Nxe4 fxe4 29. Ne5 Be8 30. Re3 h5 31. g4 hxg4 32. Rg3 Rf5 33. Rxg4 Rh5 34. Rh2 Qf6 35. Qf2 Ra7 36. Qg3 Kh7 37. Rg2 Rg7 38. c6 Rf5 39. c7 Rxc7 40. Nxg6 Qxd4+ 41. Kh2 Bxg6 42. Rxg6 Rh5 43. Rh6+ Rxh6 44. Qg8# 1-0